Impact of culture on reproductive health among the youth/ (Record no. 3994)

000 -LEADER
fixed length control field 00400nam a22001457a 4500
003 - CONTROL NUMBER IDENTIFIER
control field OSt
005 - DATE AND TIME OF LATEST TRANSACTION
control field 20180618124704.0
008 - FIXED-LENGTH DATA ELEMENTS--GENERAL INFORMATION
fixed length control field 180618b xxu||||| |||| 00| 0 eng d
050 ## - LIBRARY OF CONGRESS CALL NUMBER
Classification number RUSC HQ766.W36 2017
100 ## - MAIN ENTRY--PERSONAL NAME
Personal name Wanjau. M. June
245 ## - TITLE STATEMENT
Title Impact of culture on reproductive health among the youth/
Statement of responsibility, etc June Muthoni Wanjau
260 ## - PUBLICATION, DISTRIBUTION, ETC. (IMPRINT)
Place of publication, distribution, etc Nairobi
Date of publication, distribution, etc 2017
300 ## - PHYSICAL DESCRIPTION
Extent 40p
Dimensions 24cm
942 ## - ADDED ENTRY ELEMENTS (KOHA)
Source of classification or shelving scheme
Koha item type Research Project
Holdings
Withdrawn status Lost status Source of classification or shelving scheme Damaged status Not for loan Home library Current library Shelving location Date acquired Total Checkouts Full call number Barcode Date last seen Price effective from Koha item type
          Riara University Library Riara University Library Special Collection 18/06/2018   RUSC HQ766.W36 2017 10019/18 18/06/2018 18/06/2018 Research Project

Riara University Library,
P.O. Box 49940-00100,
Nairobi, Kenya.